Lessons of the second front (Record no. 2904)

MARC details
000 -BAŞLIK
Sabit Uzunlukta Kontrol Alanı 00856na a2200277 4500
001 - KONTROL NUMARASI
Denetim Alanı 14625
003 - KONTROL NUMARASI IDENTIFIER
Denetim Alanı MIRAKIL
005 - SON İŞLEM TARİHİ VE ZAMANI
Denetim Alanı 20181213154913.0
008 - SABİT-BOY VERİ ELEMANLARI - GENEL BİLGİLER
Sabit Uzunlukta Kontrol Alanı 161108b tu 000 0
035 ## - SİSTEM KONTROL NUMARASI
Sistem Kontrol Numarası 14625
040 ## - KATALOGLAMA KAYNAK
Orijinal Kataloglama Ajansı Milas
Kataloglama Dili tur
Metne Dönüştürmek Ajansı TR-AnCHP
041 ## - DİL KODU
Metin / Ses Parça Veya Ayrı Başlığın Dil Kodu eng
082 ## - DEWEY ONLU SINIFLANDIRMA NUMARASI
Sınıflandırma Numarası 940.54
Ürün Numarası B66l 1989
090 ## - SINIFLAMA NUMARASI
Sınıflama Numarası 940.54 B66l 1989
100 ## - ANA GİRİŞ - KİŞİSEL İSİM
Kişisel Ad Borisov, Alexander
245 ## - BAŞLIK TABLOSU
Başlık Lessons of the second front
Başlığın Kalan Could Europe have shared the fate of Hiroshima and Nagasaki
Sorumluluk Tablosu, Vb Alexander Borisov
246 ## - UNVAN FORM VARYING
Başlık Doğru / Kısa Başlığı Could Europe have shared the fate of Hiroshima and Nagasaki
260 ## - YAYIN, DAĞITIM, VB
Yayın, Dağıtım, Vb Yeri Moskova
Yayıncı, Dağıtıcı, Vs Adı Novosti Press Agency Publishing House
Yayın, Dağıtım, Vb Tarihi 1989
300 ## - FİZİKSEL TANIM
Kapsam 95 s.
Diğer Fiziksel Ayrıntıları fotğ.
Boyutlar 18 sm.
650 ## - KONU KATMA GİRİŞ - TOPİKAL DÖNEM
Topikal Süreli Veya Coğrafi Ad Giriş Elemanı Atom bombası
650 ## - KONU KATMA GİRİŞ - TOPİKAL DÖNEM
Topikal Süreli Veya Coğrafi Ad Giriş Elemanı Siyasal tarih
650 ## - KONU KATMA GİRİŞ - TOPİKAL DÖNEM
Topikal Süreli Veya Coğrafi Ad Giriş Elemanı Nagasaki
650 ## - KONU KATMA GİRİŞ - TOPİKAL DÖNEM
Topikal Süreli Veya Coğrafi Ad Giriş Elemanı Hiroshima
650 ## - KONU KATMA GİRİŞ - TOPİKAL DÖNEM
Topikal Süreli Veya Coğrafi Ad Giriş Elemanı II. Dünya Savaşı (1939-1945)
Genel Alt Bölümü Denemeler
942 ## - EKLENDİ GİRİŞ ELEMANLARI (KOHA)
Sınıflandırma Veya Raf Düzeni Kaynak Dewey Decimal Classification
Koha Öğesi Türü Books
999 ## - SİSTEM KONTROL NUMARALARI (KOHA)
Koha Biblionumber 2904
Koha Biblioitemnumber 2904
Holdings
Kalıcı Konum Mevcut Konum Edinme Tarihi Edinim Kaynak Toplam Check-Out'Lar Tam Çağrı Numarası Barkod Tarih Son Görülme İtibaren Geçerli Fiyatlar Koha Öğesi Türü
CHP Kütüphanesi CHP Kütüphanesi 08/30/2016 Bağış   940.54 B66l 1989 001451 08/30/2016 08/30/2016 Books